| 000 | 00972nam a2200205 i 4500 | ||
|---|---|---|---|
| 001 | 181207 | ||
| 003 | ES-MaACL | ||
| 005 | 20230906221311.0 | ||
| 008 | 121031s1918 sp |||| | spa d | ||
| 100 | 1 |
_aCorral, José María de ( _d1889-1971) _940715 |
|
| 245 | 1 | 3 |
_aEl método microquímico de Bang para la determinación del azúcar de la sangre y las modificaciones de Asher / _cpor José María de Corral. |
| 260 |
_aMadrid : _bJunta para Ampliación de Estudios e Investigaciones Científicas, _c1918. |
||
| 300 |
_a50 p. ; _c23 cm. |
||
| 490 | 1 |
_aAnales de la Junta para Ampliación de Estudios e Investigaciones Científicas ; _vt. 17, memoria 1 |
|
| 650 | 4 |
_aSangre- _xAnálisis. _9147003 |
|
| 710 | 2 |
_aJunta para la Ampliación de Estudios e Investigaciones Científicas. _95413 |
|
| 830 | 0 |
_aAnales de la Junta para Ampliación de Estudios e Investigaciones Científicas ; _vt. 17, memoria 1 _9186710 |
|
| 852 |
_aES-MaACL _jB-13173(1) |
||
| 999 |
_c181207 _d181207 |
||